La red
Guardat en:
| Autor principal: | |
|---|---|
| Format: | Llibre |
| Idioma: | espanyol |
| Publicat: |
Buenos Aires
Sudamericana
1968
|
| Matèries: | |
| Etiquetes: |
Afegir etiqueta
Sense etiquetes, Sigues el primer a etiquetar aquest registre!
|
MARC
| LEADER | 00000nam a2200000 a 4500 | ||
|---|---|---|---|
| 001 | UCQ6533 | ||
| 003 | CL-VaPUC | ||
| 008 | 981016e19680000AG |||||||||||||||||spa|d | ||
| 082 | 0 | 4 | |a Ar863 |b MAL |2 21 |
| 100 | |a Mallea, Eduardo |e autor |9 541859 | ||
| 245 | 1 | 3 | |a La red |
| 300 | |a 396 p | ||
| 942 | |c BK | ||
| 945 | |d 19981016 00:00:00 |a crobeson | ||
| 260 | |a Buenos Aires |b Sudamericana |c 1968 | ||
| 650 | 0 | |a Novelas argentinas |9 267871 | |
| 650 | 0 | |a Literatura argentina |9 320596 | |
| 583 | |a last modification |c 19981016 00:00:00 |k Rodrigo Vera | ||
| 999 | |c 276483 |d 276481 | ||
| 952 | |0 0 |1 0 |4 0 |6 AR_863_000000000000000_MAL_1968 |7 0 |8 A |9 313740 |a BIBEDU |b BIBEDU |d 2019-11-20 |i 1482823 |o Ar863 MAL 1968 |p 1482823 |r 2019-11-20 |w 2019-11-20 |y BK |k LIT | ||
| 952 | |0 0 |1 0 |4 0 |6 AR_863_000000000000000_MAL_1968 |7 0 |8 A |9 313741 |a BIBEDU |b BIBEDU |d 2019-11-20 |i 1482831 |o Ar863 MAL 1968 |p 1482831 |r 2019-11-20 |w 2019-11-20 |y BK |k LIT | ||